Qur'Aanic Information. (Record no. 348955)
[ view plain ]
| 000 -LEADER | |
|---|---|
| fixed length control field | 00371 a2200145 4500 |
| 082 ## - DEWEY DECIMAL CLASSIFICATION NUMBER | |
| Classification number | 297.1226 |
| 090 ## - LOCALLY ASSIGNED LC-TYPE CALL NUMBER (OCLC); LOCAL CALL NUMBER (RLIN) | |
| -- | 6597 |
| -- | 6597 |
| 100 ## - MAIN ENTRY--PERSONAL NAME | |
| Personal name | Khan,Abdul Waheed. |
| 245 ## - TITLE STATEMENT | |
| Title | Qur'Aanic Information. |
| Statement of responsibility, etc. | Abdul Waheed Khan |
| 250 ## - EDITION STATEMENT | |
| Edition statement | 1st. |
| 260 ## - PUBLICATION, DISTRIBUTION, ETC. | |
| Place of publication, distribution, etc. | Karachi. |
| Name of publisher, distributor, etc. | Defence Housing Authority. |
| Date of publication, distribution, etc. | 2010. |
| 300 ## - PHYSICAL DESCRIPTION | |
| Extent | 253p. |
| 500 ## - GENERAL NOTE | |
| General note | Hard cover. |
| 942 ## - ADDED ENTRY ELEMENTS (KOHA) | |
| Institution code [OBSOLETE] | NBS |
| Koha item type | Book |
| Call number prefix | 297.1226 KHA |
| Withdrawn status | Lost status | Damaged status | Not for loan | Permanent Location | Current Location | Date acquired | Total Checkouts | Total Renewals | Full call number | Barcode | Date last seen | Date last checked out | Price effective from | Koha item type |
|---|---|---|---|---|---|---|---|---|---|---|---|---|---|---|
| Central Library (CL) | Central Library (CL) | 08/28/2013 | 2 | 3 | 297.1226 KHA | NBSD-1886 | 08/20/2022 | 08/20/2022 | 08/28/2013 | Book | ||||
| Central Library (CL) | Central Library (CL) | 08/28/2013 | 1 | 297.1226 KHA | NBSD-1885 | 10/21/2013 | 10/04/2013 | 08/28/2013 | Book | |||||
| Central Library (CL) | Central Library (CL) | 08/28/2013 | 1 | 297.1226 KHA | NBSD-1884 | 10/21/2013 | 10/04/2013 | 08/28/2013 | Book | |||||
| Central Library (CL) | Central Library (CL) | 08/28/2013 | 297.1226 KHA | NBSD-1883 | 08/28/2013 | 08/28/2013 | Book | |||||||
| Central Library (CL) | Central Library (CL) | 08/28/2013 | 1 | 297.1226 KHA | NBSD-1882 | 09/04/2014 | 08/26/2014 | 08/28/2013 | Book | |||||
| Central Library (CL) | Central Library (CL) | 08/28/2013 | 297.1226 KHA | NBSD-1887 | 08/28/2013 | 08/28/2013 | Book |
